Geografía por letra - T - Estadísticas

Estadísticas generales
  • Esta prueba ha sido intentada 5.220 veces
  • La puntuación promedio es 17 de 24
Estadísticas de respuestas
Pista Respuesta % Correcto
Ciudad más grande de Japón Tokio
98%
Ciudad más grande de Canada Toronto
94%
Idioma de Estambul Turco
93%
El licor mexicano hecho de agave Tequila
87%
El segundo estado más grande de los EE. UU. Texas
87%
Capital de Estonia Tallin
86%
El río de Londres Támesis
85%
Capital de Irán Teherán
82%
Probablemente el monumento más famoso de la India Taj Mahal
81%
El país donde se encuentra el Monte Kilimanjaro Tanzania
81%
País que toca el Mar Caspio Turkmenistán
75%
Arte marcial coreano Taekwondo
73%
Grupo fundamentalista que gobierna Afganistán desde 2021 Talibán
70%
Región de Italia. Florencia es su capital Toscana
68%
Región del Himalaya anexionada por China en 1950 Tíbet
65%
Su capital es Funafuti Tuvalu
65%
Isla al sur de Australia continental Tasmania
64%
Pastizales árticos o alpinos sin árboles Tundra
58%
Gran lago en los altos de los Andes Titicaca
56%
El río de Roma Tíber
48%
La religión china que sigue las enseñanzas de Lao-Tse Taoísmo
45%
La isla de Polinesia visitada por el HMS Bounty Tahiti
36%
Término para un bosque subártico de coníferas Taiga
33%
Anfitrión de los Juegos Olímpicos de Invierno de 2006 Turín
32%
No se encontraron pruebas coincidentes
Distribución de puntuación
Porcentaje de gente con cada puntuación
Porcentaje por número respondido
Historial de tus puntuaciones
No has intentado esta prueba.